000 00324nam a2200145Ia 4500
008 191201s2008 xx 000 0 und d
082 _a005.43
_bDOS
100 _aDONOVAN, John J
245 0 _aSystem Programming
250 _a44 rep.
260 _aN.Delhi
_bTMH
_c2008
300 _a488
650 _aMCA
942 _2ddc
_cBK
999 _c3779
_d3779